000 00419nam a2200145Ia 4500
008 090122s9999 xx 000 0 und d
082 _b8294
_a891.463
100 _aतोरडमल
_bमधुकर
245 _aसमज आणि उमज
600 _aतोरडमल
630 _aसमज आणि उमज
700 _aतोरडमल
730 _aसमज आणि उमज
942 _cBOOK
999 _c32371
_d32371